| 000 | 00627nam a2200205Ia 4500 | ||
|---|---|---|---|
| 003 | GCL | ||
| 008 | 140319s9999 xx 000 0 ara d | ||
| 020 | _a5114409977 | ||
| 040 |
_aGCL / _cGCL |
||
| 082 | 0 | 4 |
_a928.1 _bج م |
| 100 | 1 | _aجمال الغيطانى | |
| 245 | 1 | 0 |
_aالمجالس المحفوظية / _cجمال الغيطانى |
| 250 | _aالاولى | ||
| 260 |
_aالقاهرة : _bدار الشروق ، _c2006 |
||
| 300 |
_a319 ص ؛ _c20 سم |
||
| 650 | 0 | 4 | _aنجيب محفوظ |
| 650 | 0 | 4 | _aالادباء المصريون - تراجم |
| 650 | 0 | 4 | _aالحوارات الادبية |
| 942 |
_2ddc _cBK |
||
| 999 |
_c8204 _d8204 |
||